Environmental geology
Environmental geology is affectionately dedicated to the memory of Ed jaffe, whose cònidence in an unknown author made the first edition possible
Đã lưu trong:
| 主要作者: | |
|---|---|
| 格式: | 图书 |
| 语言: | Vietnamese |
| 出版: |
New York
McGraw-Hill
2003
|
| 版: | 6th ed. |
| 主题: | |
| 标签: |
添加标签
没有标签, 成为第一个标记此记录!
|
| Thư viện lưu trữ: | Thư viện Trường Đại học Nam Cần Thơ |
|---|
| LEADER | 00858nam a22002057a 4500 | ||
|---|---|---|---|
| 001 | NCT_78635 | ||
| 008 | 200424b xxu||||| |||| 00| 0 vie d | ||
| 999 | |c 3837 |d 3837 | ||
| 020 | |a 0073661953 | ||
| 082 | 0 | 4 | |2 23rd ed. |a 550 |b M788 |
| 100 | 1 | |a Montgomery, Carla W. | |
| 245 | 1 | 0 | |a Environmental geology |c Carla W. Montgomery |
| 250 | |a 6th ed. | ||
| 260 | |a New York |b McGraw-Hill |c 2003 | ||
| 300 | |a 554 p. |b ill. |c 28cm | ||
| 520 | 3 | |a Environmental geology is affectionately dedicated to the memory of Ed jaffe, whose cònidence in an unknown author made the first edition possible | |
| 653 | |a Quản lý tài nguyên & Môi trường | ||
| 942 | |2 ddc |c BK | ||
| 952 | |0 0 |1 0 |2 ddc |4 0 |6 550_000000000000000_M788 |7 0 |9 19466 |a 000001 |b 000001 |d 2020-04-24 |o 550 M788 |p MD.17098 |r 2020-04-24 |w 2020-04-24 |y BK | ||
| 980 | |a Thư viện Trường Đại học Nam Cần Thơ | ||


